000 00793cam a2200229 a 4500
001 1126846
005 20180228034535.0
008 941109s1995 nyua b 001 0 eng
010 _a 94044235
020 _a0195069862 (acidfree paper)
040 _aDLC
_cDLC
_dDLC
041 _aeng
080 _a155.633
082 0 0 _a155.633 SIL
_220
100 1 _a49
101 _aPSI
245 1 4 _aThe cost of competence :
_cBrett Silverstein, Deborah Perlick.
504 _aIncludes bibliographical references (p. 177-209) and index.
906 _a7
_bcbc
_corignew
_d1
_eocip
_f19
_gy-gencatlg
942 _2ddc
_cBK
999 _c43679
_d43679